000 00425nam a2200181Ia 4500
001 4113
005 20260306145732.0
008 260306t2005||||xx |||||||||||||| ||spa||
041 _aESP
082 _a306.85
_bH12 Nº 91
100 _aJuliá, Ernesto
_eAUT
245 0 _aPadres, adolescentes y Dios
260 _c2005
300 _a218 páginas :
_c19 cm.
650 _aGEN
654 _aCED
942 _cLIB
_dJUS
_fJUS
_2ddc
_n
999 _c4113
_d4113